000 00862nam a2200229 a 4500
001 7641
003 CO-ViMGA
008 141112s2004 ck r 000 u spa d
020 _a8428326428
040 _aCO-ViMGA
_bspa
_cCO-ViMGA
082 0 4 _a333.715 C156m
100 1 _aCamp, William G.; Daugherty, Thomas B.
_97067
245 1 0 _aManejo de nuestros recursos naturales
260 _aMadríd (E),
_cParaninfo,
_c2000
300 _a400.p.
505 _aNuestros recursos naturales Recursos del suelo y de la tierra Recursos hidrográficos Recursos forestales Recursos del reino animal Recursos recreativos al aire libre Recursos energeticos, minerales y del metal Conceptos avanzados
590 _aPrecio : 77.000 - - Ejemplares : 2
650 1 4 _aECOLOGIA
_9445
650 1 4 _aRECURSOS HIDROGRAFICOS
_97068
650 1 4 _aRECURSOS NATURALES
942 _2ddc
_cBK
999 _c19585
_d19585